00433cam a22001811 4500001000800000005001700008008004100025010001700066035001900083040002800102041000800130080001100138082001400149100000700163101000800170245004300178504003000221648983020180224034045.0780214s1950 ilu b 000 0 eng  a 50009785  a(OCoLC)3637361 aDLCcOKentUdOCoLCdDLC aeng a808.7  a808.7 HER1 a16 aHIS10aComic theory in the sixteenth century. aBibliography: p. 240-244.